Las ciudades españolas tras la Gran Recesión (Registro nro. 50362)
[ vista simple ]
| 000 -CABECERA | |
|---|---|
| Longitud fija campo de control | 01482naa a2200349 c 4500 |
| 001 - NÚMERO DE CONTROL | |
| Número de control | 50362 |
| 003 - IDENTIFICADOR DE NÚMERO DE CONTROL | |
| Identificador del número de control | ES-MaCES |
| 005 - FECHA Y HORA DE LA ÚLTIMA TRANSACCIÓN | |
| Fecha y hora de la última transacción | 20171219111213.0 |
| 008 - CAMPO FIJO DE DESCRIPCIÓN FIJA--INFORMACIÓN GENERAL | |
| Códigos de información de longitud fija | 171219s2017 sp ||||| t||||||| ||spa d |
| 040 ## - FUENTE DE CATALOGACIÓN | |
| Centro catalogador de origen | ES-MaCES |
| Lengua de catalogación | spa |
| Centro transcriptor | ES-MaCES |
| Centro modificado | ES-MaCES |
| 100 ## - ENCABEZAMIENTO PRINCIPAL--NOMBRE PERSONAL | |
| 9 (RLIN) | 38822 |
| Nombre de persona | Royuela Mora, Vicente |
| 245 14 - MENCIÓN DE TÍTULO | |
| Título | Las ciudades españolas tras la Gran Recesión |
| Resto del título | : una mirada a la población, el empleo y los precios de la vivienda |
| Mención de responsabilidad, etc. | Vicente Royuela, David Castells-Quintana, Celia Melguizo |
| 500 ## - NOTA GENERAL | |
| Nota general | Resumen |
| 504 ## - NOTA DE BIBLIOGRAFÍA, ETC. | |
| Nota de bibliografía, etc. | Bibliografía: p. 33 |
| 650 #4 - ASIENTO SECUNDARIO DE MATERIA--TÉRMINO DE MATERIA | |
| 9 (RLIN) | 28617 |
| Término de materia o nombre geográfico como elemento inicial | ciudad |
| 650 #4 - ASIENTO SECUNDARIO DE MATERIA--TÉRMINO DE MATERIA | |
| 9 (RLIN) | 28621 |
| Término de materia o nombre geográfico como elemento inicial | población urbana |
| 650 #4 - ASIENTO SECUNDARIO DE MATERIA--TÉRMINO DE MATERIA | |
| 9 (RLIN) | 29234 |
| Término de materia o nombre geográfico como elemento inicial | desarrollo económico y social |
| 650 #4 - ASIENTO SECUNDARIO DE MATERIA--TÉRMINO DE MATERIA | |
| 9 (RLIN) | 27094 |
| Término de materia o nombre geográfico como elemento inicial | crecimiento económico |
| 650 #4 - ASIENTO SECUNDARIO DE MATERIA--TÉRMINO DE MATERIA | |
| 9 (RLIN) | 28619 |
| Término de materia o nombre geográfico como elemento inicial | desarrollo urbano |
| 650 #4 - ASIENTO SECUNDARIO DE MATERIA--TÉRMINO DE MATERIA | |
| 9 (RLIN) | 28299 |
| Término de materia o nombre geográfico como elemento inicial | empleo |
| 650 #4 - ASIENTO SECUNDARIO DE MATERIA--TÉRMINO DE MATERIA | |
| 9 (RLIN) | 28598 |
| Término de materia o nombre geográfico como elemento inicial | vivienda |
| 650 #4 - ASIENTO SECUNDARIO DE MATERIA--TÉRMINO DE MATERIA | |
| 9 (RLIN) | 27914 |
| Término de materia o nombre geográfico como elemento inicial | precio al consumidor |
| 650 #4 - ASIENTO SECUNDARIO DE MATERIA--TÉRMINO DE MATERIA | |
| 9 (RLIN) | 27070 |
| Término de materia o nombre geográfico como elemento inicial | análisis económico |
| 650 #4 - ASIENTO SECUNDARIO DE MATERIA--TÉRMINO DE MATERIA | |
| 9 (RLIN) | 27102 |
| Término de materia o nombre geográfico como elemento inicial | crisis económica |
| 650 #4 - ASIENTO SECUNDARIO DE MATERIA--TÉRMINO DE MATERIA | |
| 9 (RLIN) | 27082 |
| Término de materia o nombre geográfico como elemento inicial | consecuencias económicas |
| 653 10 - TÉRMINO DE INDEXACIÓN--NO CONTROLADO | |
| Término no controlado | Vivienda-Construcción-Urbanismo |
| 700 ## - ENCABEZAMIENTO SECUNDARIO--NOMBRE PERSONAL | |
| 9 (RLIN) | 38823 |
| Nombre de persona | Castells Quintana, David |
| 700 ## - ENCABEZAMIENTO SECUNDARIO--NOMBRE PERSONAL | |
| 9 (RLIN) | 38824 |
| Nombre de persona | Melguizo, Celia |
| 773 0# - ENTRADA DE DOCUMENTO FUENTE | |
| Itemnumber del ítem fuente | 86844 |
| Lugar, editor y fecha de publicación | Madrid (Padre Damián, 48, 28036) Fundación Fondo para la Investigación Económica y Social, Obra Social de la Confederación Española de Cajas de Ahorros |
| Otro identificador del documento | 089740 |
| Título | Papeles de economía española |
| Número de control del registro relacionado | (ES-MaCES)25203 |
| Parte(s) relacionada(s) | n. 153 (2017) {10187 R. 089740} ;p. 23-33 |
| 902 ## - CES. TIPO DE DOCUMENTO | |
| Tipodoc (006$c Sirtex) | ART Artículo de revista |
| 942 ## - ELEMENTOS KOHA | |
| Fuente de clasificaión o esquema | Clasificación propia del CES |
| Koha [por defecto] tipo de item | Artículos (1982-2017) |
| Parte de clasificación | Políticas Sectoriales |
No hay ítems disponibles.
